Zavádění a inovace informačních systému ve firmách

Enregistré dans:
Détails bibliographiques
Auteur principal: Tvrdíková, Milena
Format: Livre
Langue:tchèque
Publié: Praha GRADA 2000
Sujets:
Tags: Ajouter un tag
Pas de tags, Soyez le premier à ajouter un tag!

MARC

LEADER 00000nam a2200000 4500
001 c123228
005 20221108093529.9
020 |a 80-7169-703-6 
041 0 |a cze 
044 |a CZ 
245 1 0 |a Zavádění a inovace informačních systému ve firmách  |c Milena Tvrdíková 
264 1 |a Praha  |b GRADA  |c 2000 
300 |a 110 s. 
610 2 0 |a systémy automatické 
610 2 0 |a systémy informačné 
610 2 0 |a systémy informačné podnikové 
610 2 0 |a systémy informačné riadiace 
610 2 0 |a inovácia 
100 1 |a Tvrdíková, Milena